00582nam a2200205Ia 4500008004100000020001600041050000900057050001400066100001700080245003600097245009400133245001600227250001900243260001700262260003100279260000900310300001600319300001100335440003000346170203s9999 xx 000 0 und d a0 717285669 a0 30 bG875 1999 aHunt, Nigel. aManaging Performance Reviews :  bHow to ensure your appraisals improve individual performance and organisational results / cNigel Hunt. aDeluxe edtion. aHongkong :  bGrolier International Inc. c1999 a168 pages : c24 cm. aGrolier Business Library.